A kényszeregyességi eljárásban a hitelező azon bejelentése, hogy követelését a kényszeregyességi eljárásban nem érvényesíti, jkönyvi [!jegyzőkönyvi] illeték alá nem esik

Elmentve itt :
Bibliográfiai részletek
Dokumentumtípus: Cikk
Megjelent: 1932
Sorozat:Polgári jog : a hazai és külföldi magánjog és hiteljog szemléje 8
Kulcsszavak:Illeték okirati
Online Access:http://misc.bibl.u-szeged.hu/15285
LEADER 00701nab a2200157 i 4500
001 misc15285
005 20191106142441.0
008 170607s1932 hu o 0|| hun d
040 |a SZTE Miscellanea Repozitórium  |b hun 
041 |a hun 
245 0 2 |a A kényszeregyességi eljárásban a hitelező azon bejelentése, hogy követelését a kényszeregyességi eljárásban nem érvényesíti, jkönyvi [!jegyzőkönyvi] illeték alá nem esik  |h [elektronikus dokumentum] 
260 |c 1932 
300 |a 73i 
490 0 |a Polgári jog : a hazai és külföldi magánjog és hiteljog szemléje  |v 8 
695 |a Illeték okirati 
856 4 0 |u http://misc.bibl.u-szeged.hu/15285/1/polgari_jog_1932_073i.pdf  |z Dokumentum-elérés